World's Parliament of religions, 1893/ (Record no. 193885)
[ view plain ]
| 000 -LEADER | |
|---|---|
| fixed length control field | 00550nam a22001817a 4500 |
| 005 - DATE AND TIME OF LATEST TRANSACTION | |
| control field | 20221121111409.0 |
| 010 ## - LCCN (DPL NO) | |
| LC control number | ENG-135734 |
| 020 ## - INTERNATIONAL STANDARD BOOK NUMBER | |
| Terms of availability | 200.00 |
| International Standard Book Number | 81-85-195-69-2 |
| 035 ## - SYSTEM CONTROL NUMBER | |
| System control number | EN-119266 |
| 037 ## - SOURCE OF ACQUISITION | |
| Source of stock number/acquisition | DBAD/PUB |
| 082 ## - DEWEY DECIMAL CLASSIFICATION NUMBER | |
| Classification number | 200 |
| 100 ## - MAIN ENTRY--PERSONAL NAME | |
| Personal name | Chattopadhyaya, Rajgopal |
| 245 ## - TITLE STATEMENT | |
| Title | World's Parliament of religions, 1893/ |
| Statement of responsibility, etc | Rajgopal Chattopadhyaya |
| 260 ## - PUBLICATION, DISTRIBUTION, ETC. (IMPRINT) | |
| Place of publication, distribution, etc | Calcutta |
| Name of publisher, distributor, etc | Rajgopal Chattopadhyaya |
| Date of publication, distribution, etc | 1995 |
| 270 ## - ADDRESS | |
| Address | BF-308, Salt Lake, Sector-1 |
| City | Calcutta |
| Postal code | 700064 |
| 300 ## - PHYSICAL DESCRIPTION | |
| Extent | 111p. |
| Dimensions | 21cm(hbk) |
| 942 ## - ADDED ENTRY ELEMENTS (KOHA) | |
| Source of classification or shelving scheme | Dewey Decimal Classification |
| Item type | English Books |
| Call number suffix | CHA |
| Classification part | 200 |
| Withdrawn status | Lost status | Not for loan | Collection code | Home library | Current library | Date acquired | Source of acquisition | Cost, normal purchase price | Full call number | Barcode | Copy number | Cost, replacement price | Koha item type |
|---|---|---|---|---|---|---|---|---|---|---|---|---|---|
| Non-fiction | Ashok Vihar | Ashok Vihar | 21/11/2022 | DBAD/PUB | 200.00 | 200 CHA | EN-119266 | 1 | 200.00 | English Books |
